000 01044nam a22003257a 4500
003 CHAP
005 20220329133911.0
008 971013s1979 r 00010 d
010 _a12450
011 _a13422
035 _a17493
040 _cCHAP
082 _a664.15
_bG55
100 0 0 _aGillies, Martha T.
_948037
245 _aCandies and other confections
260 _aPark Ridge, N.J. :
_bNoyes,
_c1979
300 _a353 p.
490 _aNoyes. Food technology review
_v; 51
590 _aBATCH-UPD
_b10
_c20130110
_lUCH01
_h0245
590 _aBATCH-UPD
_b10
_c20130110
_lUCH01
_h2159
590 _aBATCH-UPD
_b10
_c20130409
_lUCH01
_h2314
590 _aBATCH-UPD
_b10
_c20130914
_lUCH01
_h1030
590 _aCONVERSION
_b10
_c20130109
_lUCH01
_h1308
650 1 4 _aConfitería.
_926640
830 0 _aNoyes. Food technology review
_v; 51
_982081
901 _aBK
942 _cLIBRO
949 _a664.15 G55
_bBC
_cLIBRO
_d33724000116174
_eLIBRO
_h52485
_i17493
_si
949 _a664.15 G55
_bBC
_cLIBRO
_d33724000116182
_eLIBRO
_fc.2
_h52486
_i17493
_si
999 _c12450
_d12450